[Event "75th Tata Steel GpC"]
[Site "Wijk aan Zee NED"]
[Date "2013.01.14"]
[Round "3.4"]
[White "Gretarsson, Hjorvar Steinn"]
[Black "Romanishin, Oleg M"]
[Result "1-0"]
[WhiteTitle "IM"]
[BlackTitle "GM"]
[WhiteElo "2516"]
[BlackElo "2521"]
[WhiteFideId "2302241"]
[BlackFideId "14100088"]
[EventDate "2013.01.12"]

1. d4 Nf6 2. c4 e6 3. g3 Bb4+ 4. Nd2 d5 5. Bg2 O-O 6. Nf3 dxc4 7. Qc2 c5 8. dxc5
c3 9. bxc3 Bxc5 10. Nb3 Be7 11. O-O Bd7 12. Rd1 Qc8 13. e4 Nc6 14. e5 Nd5 15.
Bd2 Qc7 16. c4 Nb6 17. Qe4 Rac8 18. Rac1 h6 19. Bf1 Rfd8 20. Bd3 g6 21. c5 Nd5
22. Bxh6 Be8 23. Re1 Ndb4 24. Bb1 Rd5 25. a3 Na6 26. Qf4 Na5 27. Nbd2 Nxc5 28.
Ne4 f5 29. exf6 Qxf4 30. Bxf4 Bf8 31. Ba2 Bf7 32. Bxd5 exd5 33. Neg5 Nc4 34.
Rcd1 Nd7 35. Nxf7 Kxf7 36. Rxd5 Nxf6 37. Rb5 b6 38. Rc1 1-0